Ai zuo yi zi de xiong gu niang : Xue xi jian dan de ceng ji fen lei = (Record no. 178735)

MARC details
000 -LEADER
fixed length control field 01314nam a2200325 ia4500
003 - CONTROL NUMBER IDENTIFIER
control field OSt
005 - DATE AND TIME OF LATEST TRANSACTION
control field 20200830152956.0
008 - FIXED-LENGTH DATA ELEMENTS--GENERAL INFORMATION
fixed length control field 200830s2016 cc ac a 000 0 chi d
020 ## - INTERNATIONAL STANDARD BOOK NUMBER
Terms of availability RM210.00
Qualifying information set
International Standard Book Number 9787556045860
Terms of availability RM21.00
Qualifying information paperback
040 ## - CATALOGING SOURCE
Original cataloging agency PPAK
Language of cataloging eng
Transcribing agency PPAK
Description conventions rda
082 00 - DEWEY DECIMAL CLASSIFICATION NUMBER
Edition number 23
Classification number 495.186
090 00 - LOCALLY ASSIGNED LC-TYPE CALL NUMBER (OCLC); LOCAL CALL NUMBER (RLIN)
Classification number (OCLC) (R) ; Classification number, CALL (RLIN) (NR) 495.186
Feature heading SUM
Feature heading K
100 1# - MAIN ENTRY--PERSONAL NAME
Linkage 880-01
Personal name Su, Mei,
Relator term author.
245 10 - TITLE STATEMENT
Linkage 880-02
Title Ai zuo yi zi de xiong gu niang : Xue xi jian dan de ceng ji fen lei =
Remainder of title Miss Bear Loves Chair Making /
Statement of responsibility, etc. Su mei zhu.
246 3# - VARYING FORM OF TITLE
Title proper/short title Miss bear loves chair making.
Title proper/short title Xue xi jian dan de ceng ji fen lei.
250 ## - EDITION STATEMENT
Edition statement Di 1 ban
264 #1 - PRODUCTION, PUBLICATION, DISTRIBUTION, MANUFACTURE, AND COPYRIGHT NOTICE
Place of production, publication, distribution, manufacture Wuhan :
Name of producer, publisher, distributor, manufacturer Zhang jiang shao nian er tong chu ban she,
Date of production, publication, distribution, manufacture, or copyright notice 2016
300 ## - PHYSICAL DESCRIPTION
Extent 29 pages :
Other physical details colour illustrations ;
Dimensions 24 cm
336 ## - CONTENT TYPE
Source rdacontent
Content type term text
337 ## - MEDIA TYPE
Source rdamedia
Media type term unmediated
338 ## - CARRIER TYPE
Source rdacarrier
Carrier type term volume
500 ## - GENERAL NOTE
General note Complied according to the guide to learning and development for children aged 3-6 and guideline for kindergarten education--Cover
650 10 - SUBJECT ADDED ENTRY--TOPICAL TERM
Topical term or geographic name entry element Chinese language, Readers
Topical term or geographic name entry element Children's stories, Chinese
880 1# - ALTERNATE GRAPHIC REPRESENTATION
Linkage 100-01
a 蘇玫,
e author.
Linkage 245-02
a 爱做椅子的熊姑娘 : 学习简单的层级分类 =
b Miss Bear Loves Chair Making /
c 苏梅 (女) 苏梅著.
942 ## - ADDED ENTRY ELEMENTS (KOHA)
Source of classification or shelving scheme Dewey Decimal Classification
Koha item type Book
Holdings
Withdrawn Not for loan Current library Shelving location Date acquired Total Checkouts Total Renewals Full call number Barcode Date last seen Date last checked out Koha item type
    Perpustakaan Alor Setar Pinjaman Kanak-kanak 03/09/2020 2 1 K 495.186 SUM A01646234 17/05/2023 15/04/2023 Book
    Perpustakaan Awam Sungai Petani Pinjaman Kanak-kanak 03/09/2020 7 3 K 495.186 SUM A01646235 29/06/2024 19/05/2024 Book